ბათუმის შოთა რუსთაველის სახელმწიფო უნივერსიტეტის ბიბლიოთეკა

Selected Poems Yevtushenko. (ბიბ.ჩანაწერი № 46923)

000 -LEADER
fixed length control field 00471nam a2200181Ia 4500
001 - CONTROL NUMBER
control field 13776
003 - CONTROL NUMBER IDENTIFIER
control field GE_BSU
008 - FIXED-LENGTH DATA ELEMENTS--GENERAL INFORMATION
fixed length control field 181216s||||||||xx |||||||||||||| ||und||
040 ## - CATALOGING SOURCE
Transcribing agency GE_BSU
080 ## - UNIVERSAL DECIMAL CLASSIFICATION NUMBER
Universal Decimal Classification number 821.111-1
245 ## - TITLE STATEMENT
Title Selected Poems Yevtushenko.
245 ## - TITLE STATEMENT
Statement of responsibility, etc. Translated with an introduction by Robin Milner-Gulland and Peter Levi,S.J.
260 ## - PUBLICATION, DISTRIBUTION, ETC.
Name of publisher, distributor, etc. Penguin Books.
260 ## - PUBLICATION, DISTRIBUTION, ETC.
Date of publication, distribution, etc. 1964
300 ## - PHYSICAL DESCRIPTION
Extent 92p;18cm.
653 ## - INDEX TERM--UNCONTROLLED
Uncontrolled term Selected Poems Yevtushenko.
942 ## - ADDED ENTRY ELEMENTS (KOHA)
Koha item type წიგნი
ეგზემპლარები
Withdrawn status Lost status Damaged status Not for loan Date acquired Barcode Date last seen Price effective from Koha item type
        2018-12-17 36743 2018-12-17 2018-12-17 წიგნი